000 00159nam a22000857a 4500
082 _a823
100 _aTOMS BERK RETOLD
245 _aFAMOUS FOLK TALES
942 _cBK
999 _c8262
_d8262